000 00381nam a2200157Ia 4500
008 230524s9999 xx 000 0 und d
082 _a604.2
_bSIN
100 _aS.K.Singh
245 0 _aIndustrial Instrumentation and Control
250 _a2ND
260 _aNEW DELHI
_bTMH
_c2005
300 _aXXIII;687
500 _aQuantity Number: 2
650 _aElectrical
942 _cBK
999 _c30567
_d30567